00607nam a2200193Ia 450000500170000000800410001702000150005808200130007310000260008624500890011226000360020130000190023765000160025665000130027265000140028594200060029995200950030599900130040020240719015439.0240331s9999 xx 000 0 und d a9559576704 a282bCHA aChandrakanthan, A.J.V 0aCatholic revival in post-colonial Sri Lanka :ba critique ecclesial contextualizaion aEnglandbEmlyn Publishersc1995 axxxv, 260 p ., aTheological aReligion aPolitical cL 001040708LaWERCLbWERCLcSSCd2024-03-31l0o 282 CHAp5108r2024-03-31w2024-03-31yL c840d840